The Biggest Cities in Estonia - Statistics

General Stats
  • This quiz has been taken 25 times
  • The average score is 6 of 10
Answer Stats
Population City % Correct
456.518 Tallinn
100%
41.529 Pärnu
88%
97.304 Tartu
88%
52.495 Narva
82%
32.839 Kohtla-Järve
53%
12.989 Kuressaare
41%
15.668 Rakvere
41%
17.157 Viljandi
41%
12.153 Sillamäe
35%
16.875 Maardu
24%
No matching quizzes found
Score Distribution
Percent of People with Each Score
Percentile by Number Answered
Your Score History
You have not taken this quiz